Name All MCU Villains - Statistics

General Stats
  • This quiz has been taken 149 times
    49 since last reset
  • The average score is 56 of 110
Answer Stats
First Main Appearance Hint Cause Of Death Actor Answer % Correct
Iron Man Tony Stark's Former Friend And Business Partner Who Hired The Ten Rings To Kill Him Fell Into Exploding Arc Reactor Jeff Bridges Iron Monger/Obadiah Stane
88%
Thor Thor's Adopted Brother And The God Of Mischief Strangled By Thanos Tom Hiddleston Loki
88%
Guardians Of The Galaxy The Mad Titan Who Wiped Out 50% Of All Living Creatures In The Universe By Using The Six Infinity Stones Blipped Out Of Existence Josh Brolin Thanos
88%
Guardians Of The Galaxy Sister Of Gamora Who Would Eventually Join The Guardians Of The Galaxy Karen Gillan Nebula
80%
Captain America: The First Avenger Leader Of HYDRA, Later Becomes The Guardian Of The Soul Stone Hugo Weaving/Ross Marquand Red Skull/Johann Schmidt
80%
Guardians Of The Galaxy Vol. 2 Star-Lord's Celestial Father Who Is A Living Planet Core Destroyed By The Guardians Of The Galaxy Kurt Russel Ego
76%
Spider-Man: No Way Home Former Electrician At Oscorp Who Fell Into A Vat Of Electric Eels And Gained Electrical Powers Jamie Foxx Electro/Max Dillon
76%
Thor: Ragnarok Thor's Sister Who Vows To Conquer The Nine Realms Crushed By Surtur's Sword Cate Blanchett Hela
76%
Spider-Man: Far From Home Ex Stark Employee Who Created Holographic Technology To Become A Fake Superhero Shot By Drones Jake Gyllenhaal Mysterio/Quentin Beck
76%
Guardians Of The Galaxy Kree Fanatic Who Wishes To Destroy Xandar Disintegrated By The Power Stone Lee Pace Ronan The Accuser
76%
Spider-Man: No Way Home Small-Time Thief That Fell Into A Super Collider And Gained Sand Powers Thomas Haden Church Sandman/Flint Marko
76%
Doctor Strange In The Multiverse Of Madness (As A Villain) Avenger Who Got The Darkhold And Became Evil Elizabeth Olsen Scarlet Witch/Wanda Maximoff
76%
Spider-Man: No Way Home Scientist At Oscorp Who Tried To Grow Back His Arm, But Instead Turned Into A Giant Reptile Monster Rhys Ifans The Lizard/Curt Connors
76%
Avengers: Age Of Ultron Evil Robot Who Tries To Rid The Earth Of Humans So Robots Can Take Over Primary Body: Core Ripped Out By Scarlet Witch
Last Body: Destroyed By Vision
James Spader Ultron
76%
Iron Man 2 Son Of Anton Vanko Who Developed His Own Arc Reactor To Kill Tony Stark Blew Himself Up To Try And Kill Iron Man Mickey Rourke Whiplash/Ivan Vanko
76%
The Incredible Hulk Soldier Who Wanted To Be As Strong As The Hulk And Injected Himself With Countless Serums Tim Roth Abomination/Emil Blonsky
72%
Spider-Man: No Way Home Brilliant Scientist That Created Mechanical Arms That Attached To His Spinal Cord And Gained Sentience Alfred Molina Doctor Octopus/Otto Octavius
72%
Spider-Man: No Way Home Head Of Oscorp Who Stole A Serum That Created A Psychotic Alter Ego Willem Dafoe Green Goblin/Norman Osborn
72%
Captain America: The Winter Soldier (As A Villain) Brainwashed Assassin And Childhood Best Friend Of Steve Rogers Sebastian Stan The Winter Soldier/Bucky Barnes
72%
Spider-Man: Homecoming Guy With A Wing Suit Who Sells Advanced Weapons To Criminals Michael Keaton Vulture/ Adrian Toomes
72%
WandaVision Other Witch Who Wants To Take Wanda's Powers Kathryn Hahn Agatha Harkness
68%
Doctor Strange Ruler Of The Dark Dimension Benedict Cumberbatch Dormammu
68%
Ant-Man And The Wasp: Quantumania Time-Traveler From The 31st Century Who Wishes To Conquer The Entire Multiverse Crushed Into Oblivion (Probably Still Alive) Johnathan Majors Kang The Conqueror/Nathaniel Richards
68%
Black Panther Black Panther's Cousin Who Takes Over Wakanda For A Day Stabbed By T'Challa, Eventually Bleed Out Michael B. Jordan Killmonger/N'Jadaka
68%
Shang-Chi And The Legend Of The Ten Rings Shang-Chi's Father And The Leader Of The Ten Rings Soul Taken By The Dweller-In-Darkness Tony Leung Mandarin/Xu Wenwu
68%
Thor: Ragnarok Giant Fire Demon That Destroys Asgard Clancy Brown Surtur
68%
Black Widow The Red Room's Most Dangerous Assassin That Can Mimic Any Fighting Style Olga Kurylenko Taskmaster/Antonia Dreykov
68%
The Incredible Hulk General Who Chases Down The Hulk, Later Becomes The Secretary Of State William Hurt General Thaddeus "Thunderbolt" Ross
64%
Ant-Man And The Wasp The Daughter Of Elihas Starr Who Can Phase Through Walls And Become Invisible Hannah John-Kamen Ghost/Ava Starr
64%
Thor: Love And Thunder Man Who Seeks To Destroy All Gods Curse Of The Necrosword Christian Bale Gorr The God Butcher
64%
Ant-Man Hank Pym's Former Protege Who Tried Recreate The Pym Particle Crushed To Subatomic Size Corey Stoll Yellowjacket/Darren Cross
64%
Guardians Of The Galaxy Vol. 3 Genetically Engineered Being Created By The Soverign To Destroy The Guardians Of The Galaxy, But Would Eventually Join Them Will Poulter Adam Warlock
60%
Captain America: The First Avenger Secret Leader Of HYDRA Shot By Nick Fury Robert Redford Alexander Pierce
60%
Captain America: The First Avenger Scientist Who Made Weapons For HYDRA, Eventually Uploads His Brain Into A Computer Blown Up Toby Jones Arnim Zola
60%
Avengers: Age Of Ultron Member Of HYDRA Who Experimented On The Maximoff's Killed By Ultron Thomas Kretschmann Baron Strucker/Wolfgang Von Strucker
60%
Captain America: Civil War Former Sokovian Colonel Who Is Responsible For Breaking Up The Avengers Daniel Brühl Baron Zemo/Helmut Zemo
60%
Captain America: The Winter Soldier Member Of The S.T.R.I.K.E. Team Who Vows Revenge On Captain America Blew Himself Up To Try And Kill Captain America Frank Grillo Crossbones/Brock Rumlow
60%
Hawkeye Most Feared Crime Lord In New York City Vincent D'Onofrio Kingpin/Wilson Fisk
60%
Avengers: Age Of Ultron Vibranium Arms Dealer Who's Arm Was Cut Off By ^ Shot By Killmonger Andy Serkis Klaw/Ulysses Klaue
60%
Thor King Of The Frost Giants And Loki's Real Father Disintegrated By Loki Colm Feore Laufey
60%
Ant-Man And The Wasp: Quantumania (As This Version) Man That Shrank Down To Subatomic Size Who Became A Mechanized Organism Designed Only For Killing Killed By ^ Corey Stoll M.O.D.O.K.
60%
Black Panther: Wakanda Forever Ruler Of The Underwater Nation Of Talokan Known By His People As K'uk'ulkan Tenoch Huerta Namor
60%
Spider-Man: Homecoming Henchman Of ^ Who Wears A Gauntlet Bokeem Woodbine Shocker/Herman Schultz
60%
Thor: Ragnarok Ruler Of Sakaar Who Forces Thor To Battle Hulk Jeff Goldblum The Grandmaster
60%
Doctor Strange Former Friend Of Doctor Strange Who Thinks The World Has Too Many Sorcerers Chiwetel Ejiofor Baron Mordo/Karl Mordo
56%
Captain America: The Winter Soldier Mercenary Who Took Over The Lemurian Star Shot By Sharon Carter Georges St-Pierre Batroc The Leaper/Georges Batroc
56%
Avengers: Infinity War Member Of The Black Order Whose Arms Gets Cut Off By Wong Blown Up/Squished By Ant-Man Terry Notary Cull Obsidian
56%
Avengers: Infinity War Member Of The Black Order Who Has Telekinetic Powers Suffocated In Space/Blipped Out Of Existence Tom Vaughan-Lawlor Ebony Maw
56%
The Faclon And The Winter Soldier Leader Of The Flag-Smahsers Shot By Sharon Carter Erin Kellyman Flag-Smasher/Karli Morgenthau
56%
Thor HYDRA Mole Thrown Into Oncoming Traffic By The Winter Soldier Maximiliano Hernández Jasper Sitwell
56%
Iron Man 2 CEO Of Stark Industries Rival Company, Hammer Industries Sam Rockwell Justin Hammer
56%
Thor: The Dark World ^ Second In Command Black Hole Grenade Adewale Akinnuoye-Agbaje Kurse/Algrim
56%
Thor: The Dark World Leader Of The Dark Elves Who Seeks The Aether Crushed By His Own Warship Christopher Eccleston Malekith
56%
Avengers: Infinity War Only Female Member Of The Black Run Over By Thresher/ Blipped Out Of Existence Carrie Coon Proxima Midnight
56%
Guardians Of The Galaxy Vol. 2 Ravager Who Starts A Mutiny And Declares Himself The New Captain Of The Ravagers Ravager Ship Explosion Chris Sullivan Taserface
56%
Iron Man 3 Founder Of A.I.M. Who Tried To Develop EXTREMIS Blown Up By Pepper Potts Guy Pearce Aldrich Killian
52%
Moon Knight God Who ^ Wants To Release Imprisoned Inside ^'s Body, Later Shot By Jake Lockley Saba Mubarak Ammit
52%
Avengers: Infinity War Member Of The Black Order Who Is ^ Husband Impaled By Vision/Impaled By Okoye Michael James Shaw Corvus Glaive
52%
Black Widow General Of The Red Room Plane Explosion Ray Winstone Dreykov
52%
Loki The Man Who Created The TVA; Variant Of Him Is A Big Time Marvel Villain Stabbed By Sylvie Jonathan Majors He Who Remains
52%
Eternals Eternal Who Will Make Sure The Emergence Happens, Latter Sees The Error Of His Ways Flew Into The Sun Richard Madden Ikaris
52%
Doctor Strange Former Student At Kamar-Taj Who Became A Zealot Of Dormammu Mads Mikkelsen Kaecilius
52%
Black Panther: Wakanda Forever Cousin Of Namor Mabel Cadena Namora
52%
Iron Man Member Of The Ten Rings Executed By ^ Faran Tahir Raza
52%
Captain Marvel AI Ruler Of Hala Annette Bening Supreme Intelligence
52%
The Avengers Leader Of The Chitauri Neck Snapped By Ronan Alexis Denisof The Other
52%
Spider-Man: Homecoming Man Who Makes All Of The Weapons To Sell To Criminals Michael Chernus Tinkerer/Phineas Mason
52%
Moon Knight Former Avatar Of Khonshu Who Wishes To Release Ammit Shot By Jake Lockley Ethan Hawke Arthur Harrow
48%
Guardians Of The Galaxy Vol. 2 Ruler Of The Sovereign Who Wants To Kill The Guardians Of The Galaxy Elizabeth Debicki Ayesha
48%
Captain Marvel Commander Of The Kree Starforce Who Trained Carol Danvers Jude Law Magnitron/Yon-Rogg
48%
She-Hulk: Attorney At Law Super-Powered Influencer Who Has A Rivalry With She-Hulk Jameela Jamil Titania/Mary MacPherran
48%
Guardians Of The Galaxy Former Member Of The Kree Starforce, Latter Works For ^ Brain Ripped Out By Drax Djimon Hounsou Korath The Pursuer
44%
Eternals Deviant General That Kills Two Of The Eternals Sliced Into Pieces By Thena Bill Skarsgård Kro
44%
Eternals Celestial Who Created The Eternals David Kaye Arishem The Judge
40%
Avengers: Age Of Ultron Assistant Of ^ Shot By Iron Man Henry Goodman Dr. List
40%
She-Hulk: Attorney At Law Wannabe Superhero Who Ends Up Kidnapping Luke Jacobson To Make Him The Best Superhero Suit Brandon Stanley Leap-Frog/Eugene Patilio
40%
Shang-Chi And The Legend Of The Ten Rings Member Of The Ten Rings Who Has A Machete For An Arm Florian Munteanu Razor Fist/Mattias
40%
Iron Man 2 Corrupt U.S. Senator Who Is A Double Agent Of HYDRA Garry Shandling Senator Stern
40%
Black Panther: Wakanda Forever Fierce Warrior Of Talokan And One Of Namor's Advisors Alex Livanalli Attuma
36%
She-Hulk: Attorney At Law Member Of The Wrecking Crew Tennison Barry III Bulldozer/Henry Camp
36%
Hawkeye Friend And Translator For Maya Lopez Stabbed By Maya Lopez Fra Free Clown/Kazimierz "Kazi" Kazimierczak
36%
Captain Marvel Member Of The Kree Starforce, Actress Also Played Sersi In Eternals Blown Up By Maria Rambeau Gemma Chan Doctor Minerva/Minn-Erva
36%
She-Hulk: Attorney At Law Member Of The Wrecking Crew Kyle Murillo Piledriver/Brian Calusky
36%
Ant-Man And The Wasp Black-Market Arms Dealer Who Tires To Steal The Portable Lab Walton Goggins Sonny Burch
36%
She-Hulk: Attorney At Law Member Of The Wrecking Crew Justin Eaton Thunderball/Eliot Franklin
36%
Thor: Ragnarok Assistant Of ^ Ship Explosion Rachel House Topaz
36%
She-Hulk: Attorney At Law Leader Of The Wrecking Crew Nick Gomez Wrecker/Dirk Garthwaite
36%
The Marvels New Ruler Of The Kree Who Tries To Steal The Natural Resources Of Other Planets To Restore Hala Destroyed By Wormhole She Makes With The Quantum Bands Zawe Ashton Dar-Benn
32%
Shang-Chi And The Legend Of The Ten Rings Leader Of The Ten Rings Who Helped Train Shang-Chi Soul Taken By A Soul Eater Andy Le Death Dealer/Li Ching-Lin
32%
Secret Invasion Leader Of The Rebel Skrulls Killed By G'iah Kingsley Ben-Adir Gravik
32%
She-Hulk: Attorney At Law Billionaire And The Founder Of Intelligencia Jon Bass HulkKing/Todd Phelps
32%
Doctor Strange In The Multiverse Of Madness Octopus Looking Monster That Tried To Kidnap America Chavez Eye Pulled Out By Doctor Strange Shuma-Gorath (Gargantos)
32%
WandaVision Former Director Of S.W.O.R.D. Josh Stamberg Tyler Hayward
32%
Iron Man 3 Female EXTREMIS User Blown Up, Corpse Thrown Into Power Lines Stephanie Szostak Ellen Brandt
28%
Iron Man 3 Male EXTREMIS User Shot Through The Heart James Badge Dale Eric Savin
28%
Guardians Of The Galaxy Vol. 3 Geneticist Who Sought To Create The Perfect Species Out Of Lower Life Forms And Make A Perfect World Blown Up With His Ship Chukwudi Iwuji The High Evolutionary/Herbert Edgar Wyndham
28%
Shang-Chi And The Legend Of The Ten Rings Soul Eating Dragon Blown Up By Shang-Chi Dweller-In-Darkness
24%
Iron Man Member Of The Ten Rings Sayed Badreya Abu Bakaar
20%
Ms. Marvel Leader Of The Clandestines And The Mother Of Kamran Sacrificed Herself To Close The Noor Dimension Nimra Bucha Najma
20%
She-Hulk: Attorney At Law Man Who Always Wears A Suit Of Spikes Jordan Aaron Ford Porcupine/Alexander Gentry
20%
She-Hulk: Attorney At Law Enhanced Individual With Bull-Like Powers Nathan Hurd Man-Bull/William "Bill" Taurens
16%
Ms. Marvel Former Agent Of The Department Of Damage Control Alysia Reiner Sadie Deever
16%
Werewolf By Night Leader Of The Monster Hunting Event And The Step-Mother Of Elsa Incinerated By Man-Thing Harriet Sandom Harris Verussa Bloodstone
16%
Secret Invasion ^'s Second-In-Command Murdered By Gravik Killian Scott Pagon
12%
Secret Invasion Skrull Who Impersonated Rhodey Shot By Nick Fury Don Cheadle Raava
12%
She-Hulk: Attorney At Law Human Who Thinks He Is A Vampire Terrence Clowe Saracen/Muzzafar Lambert
12%
Guardians Of The Galaxy Vol. 3 Recorder Of The High Evolutionary Killed By Star-Lord And Groot Nico Santos Theel
12%
Guardians Of The Galaxy Vol. 3 Minion Of The High Evolutionary Killed By The High Evolutionary When She Tried To Betray Him Miriam Shor Vim
12%
Secret Invasion A Rebel Skrull Recruit Throat Slit By Gravik Samuel Adewunmi Beto
8%
She-Hulk: Attorney At Law Self-Proclaimed Swashbuckler From Spain Who Has A Rivalry With ^ Joseph Castillo-Midyett El Águila/Alejandro Montoya
8%
No matching quizzes found
Score Distribution
Percent of People with Each Score
Percentile by Number Answered
Your Score History
You have not taken this quiz since the last reset